| 000 | 00428nam a22001577a 4500 | ||
|---|---|---|---|
| 005 | 20150508111302.0 | ||
| 008 | 150508b xxu||||| |||| 00| 0 eng d | ||
| 020 | _a019508666X | ||
| 040 | _cPK-LaUMT | ||
| 082 |
_aKHC 297.9904 _bESP-I |
||
| 100 | _aEsposito, John L | ||
| 245 |
_aThe Islamic threat _bmyth or reality? _cJohn L. Esposito |
||
| 260 |
_aNew York _bOxford University press _c1992 |
||
| 300 | _a247 p. | ||
| 942 | _cBK | ||
| 999 |
_c70940 _d70940 |
||